000 00977nam a22003617a 4500
001 BR8108684
003 BR-BrBNA
005 20230928091207.0
007 ta
008 230509b bl.||||| |||| 00| 0 por d
040 _aBR-BrBNA
_bpor
_cBiblioteca Nacional de Agricultura
041 _a(Por)
072 _aE10; E51; E20
_b/G514
090 _ E10 BR8108684
110 1 _aPrefeitura Municipal de Morro da Fumaca, SC (Brasil)
_97880
245 1 _aMorro da Fumaca capital da fluorita [Santa Catarina, Brasil]
260 3 _aMorro da Fumaca, SC (Brasil):
_c1981.
300 _a99 p.
500 _a20 illus.; 30 tables
650 _aFISIOGRAFIA
650 _aDEMOGRAFIA
650 _aPRODUTIVIDADE
650 _aEDUCACAO
650 _aLAVOURA
650 _aPECUARIA
650 _aCUSTO DE PRODUCAO
650 _aORCAMENTO
650 _aDESPESA
650 _aTRANSPORTE
650 _aSANTA CATARINA
909 _a202309
_bLucia
_c55
_dLucia Elande
942 _cBK
999 _c32747
_d32747